000
00295nam a22001337a 4500
008
170522b xxu||||| |||| 00| 0 eng d
020
_a
9780816031740
041
_a
eng
080
_a
94(7/8)
100
_a
16
101
_a
SHH
245
_a
THE SPANISH-AMERICAN WAR
_c
GOLAY,M
942
_2
udc
_c
BK
999
_c
13779
_d
13779